000 02407cam a2200361 4500500
005 20260329014426.0
041 _afre
042 _adc
100 1 0 _aBreton, Stéphane
_eauthor
245 0 0 _aArticle 3. Le geste qui transforme
260 _c2026.
500 _a1
520 _aCet article met en lumière le rôle central du geste transformateur en hypnothérapie. Au-delà de la parole, la transe hypnotique permet au patient d’accéder à un geste incarné qui modifie sa relation au symptôme. Issu de l’unité corps-esprit et soutenu par l’environnement relationnel, ce geste devient une signature vivante du changement. À travers des apports théoriques divers (François Roustang, la neurophysiologie et la gestalt) et des vignettes cliniques, le geste, pleinement habité, devient un moyen de réorganisation, de reformulation de l’expérience vécue, et la possibilité de voir émerger chez la personne, un nouvel équilibre existentiel plus serein et durable.
520 _aThis article highlights the central role of the transformative gesture in hypnotherapy. Beyond verbal expression, hypnotic trance allows the patient to access an embodied gesture that transforms their relationship to the symptom. Emerging from the unity of body and mind and supported by the relational environment, this gesture becomes a living signature of change. Drawing on various theoretical contributions (François Roustang, neurophysiology, and Gestalt therapy) as well as clinical vignettes, the article shows how a fully inhabited gesture becomes a means of reorganization and reconfiguration of lived experience, making possible the emergence of a new, more serene and enduring existential balance.
690 _aBody–mind
690 _achangement thérapeutique
690 _acorps-esprit
690 _aEmbodied experience
690 _aexpérience corporelle
690 _aFrançois Roustang
690 _aGestalt
690 _aGestalt therapy
690 _ageste transformateur
690 _aHypnothérapie
690 _aHypnotherapy
690 _aHypnotic trance
690 _aneurophysiologie
690 _aTherapeutic change
690 _atranse
690 _aTransformative gesture
786 0 _nPsy Cause | 94 | 4 | 2026-02-03 | p. 34-44 | 1245-2394
856 4 1 _uhttps://shs.cairn.info/revue-psy-cause-2025-4-page-34?lang=fr&redirect-ssocas=7080
999 _c1889029
_d1889029